书目信息 |
| 题名: |
高邮凹陷断层——岩性油气藏勘探技术与实践
|
|
| 作者: | 毛凤鸣 , 梁兵 , 刘启东 著 | |
| 分册: | ||
| 出版信息: | 北京 石油工业出版社 2020.3 |
|
| 页数: | 193页 | |
| 开本: | 26cm | |
| 丛书名: | ||
| 单 册: | ||
| 中图分类: | P618.130.8 | |
| 科图分类: | ||
| 主题词: | 拗陷--岩性油气藏--油气勘探--研究 , 拗陷 , 岩性油气藏 , 油气勘探 | |
| 电子资源: | ||
| ISBN: | 978-7-5021-9501-4 | |
| 000 | 01242nam0 2200289 45 | |
| 001 | 012001002244 | |
| 005 | 20140913151715.0 | |
| 010 | @a978-7-5021-9501-4@dCNY98.00 | |
| 100 | @a20130524d2013 em y0chiy50 ea | |
| 101 | 0 | @achi |
| 102 | @aCN@b110000 | |
| 105 | @aa z 000yy | |
| 106 | @ar | |
| 200 | 1 | @a高邮凹陷断层——岩性油气藏勘探技术与实践@Agao you ao xian duan ceng——yan xing you qi cang kan tan ji shu yu shi jian@b专著@f毛凤鸣,梁兵,刘启东等著 |
| 210 | @a北京@c石油工业出版社@d2020.3 | |
| 215 | @a193页@c图@d26cm | |
| 330 | @a本书通过对苏北盆地高邮凹陷地质背景的分析和戴南组层序地层学研究,提出了一套断层——岩性油气藏勘探方法。断层——岩性油气藏勘探实践表明:通过层序地层学分析、沉积砂体发育特征与控砂机制研究,探寻断层——岩性油气藏成藏规律,大大提高了勘探成功率。勘探的高成功率充分说明勘探思路正确,叠前地震反演技术、地震AVO正演及属性分析技术行之有效。 | |
| 606 | 0 | @a拗陷@x岩性油气藏@x油气勘探@x研究 |
| 606 | 0 | @a拗陷 |
| 606 | 0 | @a岩性油气藏 |
| 606 | 0 | @a油气勘探 |
| 690 | @aP618.130.8@v5 | |
| 701 | 0 | @a毛凤鸣@Amao feng ming@f(1955 )@4著 |
| 701 | 0 | @a梁兵@Aliang bing@f(1976 )@4著 |
| 701 | 0 | @a刘启东@Aliu qi dong@f(1968 )@4著 |
| 801 | 0 | @aCN@bBJSDL@c20211011 |
| 905 | @b1338984-7@dP618.130.8@e156@f4 | |
| 高邮凹陷断层——岩性油气藏勘探技术与实践/毛凤鸣,梁兵,刘启东等著.-北京:石油工业出版社,2020.3 |
| 193页:图;26cm |
| ISBN 978-7-5021-9501-4:CNY98.00 |
| 本书通过对苏北盆地高邮凹陷地质背景的分析和戴南组层序地层学研究,提出了一套断层——岩性油气藏勘探方法。断层——岩性油气藏勘探实践表明:通过层序地层学分析、沉积砂体发育特征与控砂机制研究,探寻断层——岩性油气藏成藏规律,大大提高了勘探成功率。勘探的高成功率充分说明勘探思路正确,叠前地震反演技术、地震AVO正演及属性分析技术行之有效。 |
| ● |
| 相关链接 |
|
|
|
|
正题名:高邮凹陷断层——岩性油气藏勘探技术与实践
索取号:P618.130.8/156
 
预约/预借
| 序号 | 登录号 | 条形码 | 馆藏地/架位号 | 状态 | 备注 |
| 1 | 1338984 | 213389849 | 第二样本阅览室/ [索取号:P618.130.8/156] | 在馆 | |
| 2 | 1338985 | 213389858 | 第三借阅区/ [索取号:P618.130.8/156] | 在馆 | |
| 3 | 1338986 | 213389867 | 第三借阅区/ [索取号:P618.130.8/156] | 在馆 | |
| 4 | 1338987 | 213389876 | 第三借阅区/ [索取号:P618.130.8/156] | 在馆 |